Gone with the Wind Families - Statistics

General Stats
  • This quiz has been taken 272 times
  • The average score is 25 of 72
Answer Stats
Hint Answer % Correct
Scarlett
100%
Ashley
96%
Melanie
94%
Butlers Rhett
90%
Mammy
88%
Suellen
88%
Kennedys Frank
82%
Prissy
80%
Bonnie
77%
Ellen
77%
O'Haras Gerald
76%
Aunt Pittypat
75%
Charles
74%
Careen
72%
India
71%
Brent
59%
Old Dr. Fontaine
59%
Young Dr. Fontaine
59%
Big Sam
56%
Wilkes John
54%
Meades Doctor
53%
Stuart
53%
Beau
52%
Pork
50%
Other Atlanta Characters Belle Watling
44%
Maybelle
43%
Wade Hampton
41%
Mrs
40%
Ella Lorena
37%
Uncle Peter
37%
Will Benteen
31%
Tom
30%
Honey
27%
Emmie Slattery
26%
Dilcey
23%
Rene Picard
22%
Hamiltons Uncle Henry
22%
Beatrice
19%
Cathleen Calvert
19%
Phil
19%
Joe Fontaine
18%
Darcy
17%
Fanny Elsing
17%
Jonas Wilkerson
17%
Other Tara-related Characters Tony Fontaine
17%
Alex Fontaine
15%
Tarletons Jim
15%
Old Miss Fontaine
15%
Dolly
14%
Hetty
14%
Sally Fontaine
14%
Boyd
13%
Cade Calvert
13%
Betsy
12%
Young Miss Fontaine
11%
Hugh Elsing
10%
Camilla
8%
Army Officers General Lee
8%
Archie
7%
Merriweathers Grandpa
6%
Sherman
6%
Tommy Wellburn
6%
General Grant
5%
Stonewall Jackson
5%
Hilton
4%
Miranda
4%
Mrs. Elsing
4%
Mrs. Whiting
3%
Dallas McLure
2%
Johnnie Gallagher
2%
Johnston
2%
Hood
1%
No matching quizzes found
Score Distribution
Percent of People with Each Score
Percentile by Number Answered
Your Score History
You have not taken this quiz